000 00693nam a2200229 i 4500
003 DO-SdBNP
005 20230714110008.0
007 ta
008 230714b1986 dr ||||| |||| 00| 0 spa d
040 _aDO-SdBNP
_bspa
_cBNPHU
_erda
082 4 _222
100 _aAlburquerque, Rafael,
_97243
_eautor
245 1 0 _alegislación laboral comentada :
_bescrita para uso de los obreros /
_cRafael, Alburquerque
264 1 _aSanto Domingo :
_bCorripio,
_c1986.
300 _a245 páginas ;
_c18 cm.
336 _2rdacontent
_atexto
_btxt
337 _2rdamedia
_asin mediación
_bn
338 _2rdacarrier
_avolumen
_bnc
590 _aInventariado, 2023/BT
910 _aBtavárez
942 _2ddc
_cLBS1
999 _c54174
_d54174